00638 a2200181 450000100060000002000180000604000220002410000220004624000630006824500580013130000080018936200090019765000220020694200070022895201090023595200950034499900170043960242 a9788504007947 cAnchieta - Pituba aRicieri, Francine10aAntologia da poesia simbolista e decadente brasileiralpor10aAntologia da poesia simbolista e decadente brasileira a2230 a2007 4aPoesia brasileira cBK 00104070a91.1b91.1d2023-11-21l0o869.91 A634a ANTp11876/PITr2023-11-21 18:28:21w2023-11-21yBK 00102udc4070a46.3b46.3d2024-03-25l0p1011r2024-03-25 15:44:50t1w2024-03-25yBKu c60242d60242